[Event "Casablanca"]
[Site "Casablanca"]
[Date "2024.05.19"]
[Round "6"]
[White "Carlsen, Magnus"]
[Black "Nakamura, Hikaru"]
[Result "1/2-1/2"]
[WhiteElo "2830"]
[BlackElo "2795"]
[PlyCount "72"]
[EventDate "2024.05.18"]
[EventType "tourn (rapid)"]
[EventRounds "6"]
[EventCountry "MAR"]
[EventCategory "21"]
[SourceTitle "CB21_2024"]
[SourceDate "2024.05.22"]
[SourceVersion "1"]
[SourceVersionDate "2024.05.22"]
[SourceQuality "1"]

1. e4 c5 2. Nf3 Nc6 3. d4 cxd4 4. Nxd4 Nf6 5. Nc3 d6 6. Bg5 e6 7. Qd2 a6 8. 0-0-0 Nxd4 9. Qxd4 Be7 10. f4 b5 11. Bxf6 gxf6 12. e5 d5 13. Kb1 Bd7 14. Qe3 f5 15. g4 fxg4 16. h3 gxh3 17. Rxh3 Qc7 18. Qg1 b4 19. Qg7 Rf8 20. Ne2 Rc8 21. Nd4 Bc5 22. Qxh7 Bxd4 23. Rxd4 Qc5 24. Rd1 Qf2 25. Bxa6 Ra8 26. Qg7 Bc6 27. Rh8 Rxh8 28. Qxh8+ Kd7 29. Qf6 Rxa6 30. Qxf7+ Kc8 31. Qxe6+ Kb7 32. Qe7+ Ka8 33. Qf8+ Ka7 34. Qe7+ Ka8 35. Qf8+ Ka7 36. Qe7+ Ka8 1/2-1/2

[Event "Chess.com Classic Div 1 W"]
[Site "Chess.com INT"]
[Date "2024.05.15"]
[Round "4.3"]
[White "Carlsen, Magnus"]
[Black "Firouzja, Alireza"]
[Result "1-0"]
[WhiteElo "2830"]
[BlackElo "2738"]
[PlyCount "117"]
[EventDate "2024.05.10"]
[EventType "k.o. (rapid)"]
[EventRounds "5"]
[EventCountry "USA"]
[SourceTitle "CB21_2024"]
[SourceDate "2024.05.22"]
[SourceVersion "1"]
[SourceVersionDate "2024.05.22"]
[SourceQuality "1"]

1. d4 Nf6 2. c4 e6 3. Nf3 d5 4. g3 Bb4+ 5. Bd2 Be7 6. Bg2 0-0 7. Qc2 Nbd7 8. 0-0 c6 9. Rc1 a5 10. a3 b6 11. cxd5 cxd5 12. Bf4 Ba6 13. Nc3 Rc8 14. Qa4 Rc4 15. Qd1 b5 16. e3 Qb6 17. Bf1 Rc6 18. a4 b4 19. Nb5 Rfc8 20. Rxc6 Rxc6 21. Rc1 Ne8 22. h4 h6 23. h5 Bb7 24. Nd2 Ndf6 25. Be2 Ne4 26. Nb3 Bd8 27. f3 Ng5 28. Kg2 Nf6 29. Nc5 Nxh5 30. Bb8 Rc8 31. Nd7 Rxc1 32. Qxc1 Qc6 33. Qxc6 Bxc6 34. Ne5 Be8 35. f4 f6 36. Nd6 Bxa4 37. Bxh5 fxe5 38. fxg5 Bxg5 39. Bf7+ Kf8 40. Bxe6 exd4 41. exd4 Bc1 42. Bxd5 Bxb2 43. Ba7 Ke7 44. Bc5 Bc3 45. Ne4+ Kd7 46. Nxc3 bxc3 47. Kf2 Bc6 48. Bc4 c2 49. Ba3 g5 50. d5 Bb7 51. Ke3 h5 52. Kd4 h4 53. gxh4 gxh4 54. Bd3 Kd8 55. Bxc2 h3 56. Bd6 Ba6 57. Bf5 Bf1 58. Bg3 a4 59. d6 1-0

[Event "Chess.com Classic Div 1 W"]
[Site "Chess.com INT"]
[Date "2024.05.15"]
[Round "5.2"]
[White "Firouzja, Alireza"]
[Black "Carlsen, Magnus"]
[Result "1/2-1/2"]
[WhiteElo "2738"]
[BlackElo "2830"]
[PlyCount "59"]
[EventDate "2024.05.10"]
[EventType "k.o. (rapid)"]
[EventRounds "5"]
[EventCountry "USA"]
[SourceTitle "CB21_2024"]
[SourceDate "2024.05.22"]
[SourceVersion "1"]
[SourceVersionDate "2024.05.22"]
[SourceQuality "1"]

1. e4 e5 2. Nf3 Nf6 3. d4 Nxe4 4. dxe5 d5 5. Nbd2 Qd7 6. Bd3 Nc5 7. Be2 Ne6 8. 0-0 b6 9. Re1 Bb7 10. Nf1 c5 11. c3 Nc6 12. Ng3 g6 13. Bg5 Bg7 14. Bf6 0-0 15. Qd2 Bxf6 16. exf6 Qc7 17. Bb5 Qf4 18. Qxd5 Ncd8 19. Qe5 Bxf3 20. Qxf4 Nxf4 21. gxf3 Nde6 22. Rad1 Rad8 23. Ne4 g5 24. Bd7 h6 25. Rd6 Kh7 26. Red1 Kg6 27. Ba4 Rxd6 28. Rxd6 Rd8 29. Rxd8 Nxd8 30. Bc2 1/2-1/2

[Event "Titled Tuesday intern op 14th May Late"]
[Site "Chess.com INT"]
[Date "2024.05.14"]
[Round "10"]
[White "Andreikin, Dmitry"]
[Black "Carlsen, Magnus"]
[Result "0-1"]
[WhiteElo "2729"]
[BlackElo "2830"]
[PlyCount "66"]
[EventDate "2024.05.14"]
[EventType "swiss (blitz)"]
[EventRounds "11"]
[EventCountry "USA"]
[SourceTitle "CB21_2024"]
[SourceDate "2024.05.22"]
[SourceVersion "1"]
[SourceVersionDate "2024.05.22"]
[SourceQuality "1"]

1. Nf3 Nf6 2. g3 b6 3. Bg2 Bb7 4. 0-0 g6 5. d4 Bg7 6. c4 0-0 7. d5 Na6 8. Nc3 Nc5 9. Be3 e6 10. Bd4 a5 11. Rb1 d6 12. a3 e5 13. Bxc5 bxc5 14. Nd2 Bc8 15. b4 axb4 16. axb4 cxb4 17. Rxb4 Nd7 18. Nb3 e4 19. Nb5 e3 20. f4 Nf6 21. N3d4 Ng4 22. Nc6 Qd7 23. Bh3 h5 24. Qb3 Re8 25. Bxg4 Qxg4 26. Qd1 Ra1 27. Rb1 Rxb1 28. Qxb1 Qxe2 29. Qe1 Qxc4 30. Nxc7 Re4 31. Rf3 Bc3 32. Qc1 e2 33. Rxc3 e1Q+ 0-1

[Event "Titled Tuesday intern op 14th May Late"]
[Site "Chess.com INT"]
[Date "2024.05.14"]
[Round "4"]
[White "Carlsen, Magnus"]
[Black "Demchenko, Anton"]
[Result "1-0"]
[WhiteElo "2830"]
[BlackElo "2609"]
[PlyCount "109"]
[EventDate "2024.05.14"]
[EventType "swiss (blitz)"]
[EventRounds "11"]
[EventCountry "USA"]
[SourceTitle "CB21_2024"]
[SourceDate "2024.05.22"]
[SourceVersion "1"]
[SourceVersionDate "2024.05.22"]
[SourceQuality "1"]

1. e4 e5 2. Nf3 Nc6 3. Bb5 a6 4. Ba4 Nge7 5. 0-0 Ng6 6. Re1 Be7 7. c3 d6 8. d4 Bd7 9. Nbd2 0-0 10. Nf1 b5 11. Bb3 exd4 12. cxd4 Na5 13. Bc2 c5 14. Ne3 Nc6 15. Nd5 Bg4 16. dxc5 dxc5 17. h3 Bxf3 18. Qxf3 Nd4 19. Qd1 Bg5 20. Bd3 Ne6 21. Bf1 Rc8 22. a4 c4 23. axb5 axb5 24. b3 c3 25. Bxb5 c2 26. Qg4 Bxc1 27. Raxc1 Nd4 28. Bc4 Ne5 29. Qxc8 Ndf3+ 30. gxf3 Qg5+ 31. Qg4 Nxg4 32. hxg4 h5 33. Rxc2 hxg4 34. f4 Qh4 35. Rc3 Ra8 36. Kg2 Ra2 37. Rg3 g6 38. e5 Kg7 39. Nf6 Rxf2+ 40. Kxf2 Qh2+ 41. Rg2 Qxf4+ 42. Kg1 g3 43. Nd5 Qd4+ 44. Kf1 Qh4 45. Re3 Qh1+ 46. Rg1 Qh3+ 47. Ke1 Qh2 48. Rgxg3 Qh1+ 49. Kd2 Qh2+ 50. Kc3 Qh1 51. Rgf3 Qc1+ 52. Kb4 Qd2+ 53. Kb5 Qh2 54. Nc7 f5 55. exf6+ 1-0

[Event "Chess.com Classic Div 1 W"]
[Site "Chess.com INT"]
[Date "2024.05.12"]
[Round "3.1"]
[White "Carlsen, Magnus"]
[Black "Keymer, Vincent"]
[Result "1/2-1/2"]
[WhiteElo "2830"]
[BlackElo "2726"]
[PlyCount "121"]
[EventDate "2024.05.10"]
[EventType "k.o. (rapid)"]
[EventRounds "5"]
[EventCountry "USA"]
[SourceTitle "CB21_2024"]
[SourceDate "2024.05.22"]
[SourceVersion "1"]
[SourceVersionDate "2024.05.22"]
[SourceQuality "1"]

1. e4 e5 2. Nf3 Nc6 3. Bc4 Nf6 4. d3 Bc5 5. 0-0 a6 6. c3 Ba7 7. a4 d6 8. Nbd2 0-0 9. h3 h6 10. b4 Ne7 11. Re1 Be6 12. Bxe6 fxe6 13. Nf1 Ng6 14. Ra2 d5 15. Qe2 Qd6 16. c4 dxc4 17. dxc4 a5 18. bxa5 Bc5 19. Bd2 Qc6 20. Rb2 b6 21. Rb5 Ne8 22. Be3 Bxe3 23. Nxe3 Rxa5 24. Ng4 Rxb5 25. cxb5 Qc3 26. Qe3 Qxe3 27. Rxe3 Nd6 28. Rc3 Ra8 29. Rxc7 Rxa4 30. Rc6 Nxb5 31. Rxe6 Nf4 32. Rxb6 Nc3 33. Ngxe5 Nxe4 34. Rb2 Kh7 35. Kh2 Nd5 36. Ne1 Ndc3 37. f3 Nf6 38. N1d3 Ra7 39. Nf4 g5 40. Ne6 Re7 41. Rb6 Ncd5 42. Rd6 Re8 43. g4 Nc3 44. h4 gxh4 45. Kh3 Ncd5 46. Kxh4 Re7 47. f4 Ne3 48. Rc6 Ned5 49. Nd4 Nxf4 50. Rxf6 Ng2+ 51. Kg3 Rxe5 52. Nf5 Ne3 53. Rxh6+ Kg8 54. Kf4 Nxf5 55. Rg6+ Kf7 56. Kxe5 Kxg6 57. gxf5+ Kf7 58. f6 Kf8 59. Ke6 Ke8 60. f7+ Kf8 61. Kf6 1/2-1/2

[Event "Chess.com Classic Div 1 W"]
[Site "Chess.com INT"]
[Date "2024.05.12"]
[Round "3.2"]
[White "Keymer, Vincent"]
[Black "Carlsen, Magnus"]
[Result "1/2-1/2"]
[WhiteElo "2726"]
[BlackElo "2830"]
[PlyCount "121"]
[EventDate "2024.05.10"]
[EventType "k.o. (rapid)"]
[EventRounds "5"]
[EventCountry "USA"]
[SourceTitle "CB21_2024"]
[SourceDate "2024.05.22"]
[SourceVersion "1"]
[SourceVersionDate "2024.05.22"]
[SourceQuality "1"]

1. Nf3 d5 2. e3 Nf6 3. c4 c6 4. Nc3 Nbd7 5. Qc2 e5 6. cxd5 Nxd5 7. Bc4 Nxc3 8. bxc3 Bd6 9. d4 Qe7 10. e4 b5 11. Bd3 0-0 12. 0-0 Rb8 13. a4 a6 14. Rb1 h6 15. Be3 Re8 16. h3 Bb7 17. Rfe1 Ba8 18. c4 exd4 19. Nxd4 Bc5 20. cxb5 cxb5 21. axb5 axb5 22. Rxb5 Rxb5 23. Nxb5 Bxe4 24. Bxc5 Qxc5 25. Nc3 f5 26. Nxe4 fxe4 27. Rxe4 Rxe4 28. Bxe4 Qxc2 29. Bxc2 Kf7 30. Kf1 Kf6 31. Ke2 Ke5 32. Ke3 g5 33. g3 Nf6 34. Bb3 Ne8 35. Ba4 Nf6 36. Bc6 Kd6 37. Bb7 Ke5 38. Kf3 Kf5 39. Ba6 Ke5 40. Bd3 Kd4 41. Bb1 Ke5 42. h4 gxh4 43. gxh4 Nd5 44. Kg4 Nf6+ 45. Kg3 Nh5+ 46. Kf3 Nf6 47. Bc2 Nd5 48. Kg3 Nf6 49. Bg6 Nd5 50. Bf7 Nf6 51. f3 Ne4+ 52. fxe4 Kxe4 53. Kg4 Ke5 54. Kh5 Kf6 55. Ba2 Kg7 56. Bb1 Kh8 57. Kxh6 Kg8 58. h5 Kh8 59. Kg6 Kg8 60. h6 Kh8 61. h7 1/2-1/2